[Event "Eje Cafetero Region 3rd"]
[Site "Eje Cafetero"]
[Date "2009.03.21"]
[Round "2.12"]
[White "Toro, Juan Sebastian"]
[Black "Ossa, Juan Sebastian"]
[Result "1-0"]
[WhiteElo "1668"]
[BlackElo "1882"]
[PlyCount "49"]
[EventDate "2009.03.21"]
[EventType "swiss"]
[EventRounds "7"]
[EventCountry "COL"]
[SourceTitle "EXT 2024"]
[Source "ChessBase"]
[SourceDate "2023.10.10"]
[SourceVersion "1"]
[SourceVersionDate "2023.10.10"]
[SourceQuality "1"]

1. e4 c5 2. Nf3 e6 3. d4 cxd4 4. Nxd4 a6 5. c4 Nf6 6. Nc3 Qc7 7. Be2 Bb4 8. Qc2 Qe5 9. Nf3 Bxc3+ 10. bxc3 Qxe4 11. Qd2 0-0 12. Ba3 Re8 13. Bd6 Qc6 14. Ne5 Qxg2 15. Bf3 Qh3 16. 0-0-0 Nc6 17. Bxc6 bxc6 18. Rhg1 Ne4 19. Rxg7+ Kh8 20. Rdg1 Nxd6 21. Qxd6 Qh6+ 22. Qd2 Qxg7 23. Rxg7 Kxg7 24. Qg5+ Kf8 25. Qf6 1-0